000 00935cam a2200337 i 4500
001 0000481
003 DO-SdBNP
005 20160830124034.0
007 0000481
008 100514s 2011 sp | |||| 000 f spa
015 _a
017 _a
_b
020 _a9788466324960
035 _a
040 _aBPMSU
_bspa
_cBPMSU
_e
080 _a
082 4 _a813.54
_bO11ma
100 1 _aOates, Joyce Carol,
_d1938-
240 1 0 _aMissing mom /
_lEspañol
245 1 0 _aMamá /
_cJoyce Carol Oates ; traducción Carme Camps
260 _aMadrid:
_bSantillana ediciones generales,
_c2011.
300 _a479 p.:
_c19 cm
490 1 _aPunto de lectura
_v298 / 4
500 _aIncluye datos biográficos de la autora.
650 _aNOVELA ESTADOUNIDENSE
650 _aLITERATURA ESTADOUNIDENSE
700 1 2 _aCamps, Carme
_etr.
830 0 _aPunto de lectura
_n298 / 4
942 _2ddc
_cBK
956 _aYLOCKWARD
_810
_cBPMSU
999 _c10701
_d10701